Anagramme de 15 pays - Statistiques

Statistiques générales
  • Ce quiz a été pris 441 fois
  • Le résultat moyen est 11 sur 15
Statistiques - réponses
Annagramme Pays % Correct
lima Mali
99%
ueqxmei Mexique
87%
cantiav Vatican
87%
nied Inde
85%
ivolibe Bolivie
84%
poure Pérou
82%
ebrlsi Brésil
79%
actdh Tchad
77%
darwan Rwanda
76%
aonm Oman
71%
sarudonh Honduras
62%
galano Angola
55%
comnoa Monaco
52%
iameilas Malaisie
46%
anglelame Allemagne
39%
Aucun quiz correspondant
Distribution des résultats
% des personnes avec chaque résultat
Percentile par nombre de réponses
Votre historique - résultats
Vous n’avez pas pris ce quiz